| 000 | 00880nam a2200253Ia 4500 | ||
|---|---|---|---|
| 003 | OSt | ||
| 005 | 20220923211006.0 | ||
| 006 | a|||||r|||| 00| 0 | ||
| 007 | ta | ||
| 008 | 220922b |||||||| |||| 00| 0 hin d | ||
| 020 |
_a8170167078 (hbk) _c300 |
||
| 024 | _a239,031 | ||
| 037 |
_b406, 07/03/2009, Swaraj Prakashan _cTextual |
||
| 040 |
_aARTS _cARTS _bhin |
||
| 041 |
_2hin _ahin |
||
| 082 | _aO152,3N104x, P7 | ||
| 100 |
_aरांगेय राघव _9156920 |
||
| 245 | 0 | _aअंतर्मिलन की कहानियॉं | |
| 246 | _aAantarmilan kī kahāniyaॉan | ||
| 260 |
_aनयी दिल्ली _b किताबघर प्रकाशन _c2007 |
||
| 300 |
_a320पृ. _ccm. |
||
| 942 |
_hO152,3N104x, P7 _cTEXL _2CC |
||
| 999 |
_c293622 _d293622 |
||